LEADER 00703nam a2200205 i 4500 001 000000246188 003 CaOOAMICUS 005 20151027000000.0 008 151027s1857 xx u000 u fre u 013 $a225093 040 $aSeMil$bita 245 10$aTome 4. 300 $a628 p. 490 0 $aBibliothèque franciscaine 773 0 $tCité mystique de Dieu.$dParis : Poussièlgue-Rusand, 1857.$g4$w()32739 830 0$aBibliothèque franciscaine.$0(OLS)http://semarc/title/44321 850 $aSeMil 852 $aSeMil$W1$xVenegono$y1$m3J VI 106 FA$j196534$B196534$CSeMilBibl$Z2$F207296 $8I 961 $aOmaggio: Biblioteca Seminario Duomo 996 $6245$aTome 4$9(OLS)http://semarc/title/1585 LEADER 00940nam a2200217 i 4500 001 000000172958 003 CaOOAMICUS 005 20080702000000.0 008 080702n gw u000 u ger u 013 $a150409 040 $aSeMil$bita 100 1 $aUhland, Ludwig <1787-1862>.$0(OLS)http://semarc/name/8791 245 10$aGedichte. Dramen und dramatische Entwurfe. 260 $aStuttgart :$bCotta'sche Buchhandlung,$c[1892] 300 $a1 v. (pag. mult.) ;$c19 cm. 500 $aI voll. 1 e 2 sono rilegati in un unico vol. 773 0 $aUhland, Ludwig <1787-1862>$tUhlands gesammelte Werke.$dStuttgart : Cotta'sche Buchhandlung, [1892]$g1$w()19721 850 $aSeMil 852 $aSeMil$W1$xVenegono$y1$m01 FA$j123809$B123809$CSeMilBibl$Z2$F134905 $8I 996 $6245$aGedichte. Dramen und dramatische Entwurfe$9(OLS)http://semarc/title/247792 996 $6260$aStuttgart :$bCotta'sche Buchhandlung$9(OLS)http://semarc/publisher/35186